000 00259nam a2200097Ia 4500
001 646992
005 20250826153654.0
008 250824s9999 xx 000 0 und d
245 0 _aPasteur ün Mikroplarla Savaşı
_cBeverley Birch
260 _bTÜBİTAK YAYINLARI
999 _c646992
_d646992